[Event "Lichtenberger Sommer 2023"]
[Site "Berlin"]
[Date "2023.08.20"]
[Round "9.46"]
[White "Kapr, Klaus"]
[Black "Kreuchauf, Olaf"]
[Result "1-0"]
[WhiteElo "1876"]
[BlackElo "1667"]
[PlyCount "67"]
[EventDate "2023.??.??"]
[WhiteTeam "SC Friesen Lichtenberg e.V."]
[BlackTeam "SC Eintracht Berlin e.V."]

1. e4 c5 2. Nf3 Nc6 3. d4 cxd4 4. Nxd4 Nf6 5. Nc3 e5 6. Ndb5 d6 7. Bg5 a6 8.
Na3 b5 9. Nd5 Be7 10. Bxf6 Bxf6 11. c3 Bg5 12. Nc2 O-O 13. h4 Bh6 14. g3 f5 15.
Bg2 Ra7 16. exf5 Bxf5 17. Nde3 Ne7 18. Nxf5 Nxf5 19. Be4 g6 20. h5 g5 21. Bxf5
Rxf5 22. Ne3 Rf8 23. Qd5+ Kh8 24. Ng4 Bg7 25. O-O-O Rd7 26. Rhe1 Rff7 27. Qc6
b4 28. c4 Rc7 29. Rxd6 Qc8 30. Qd5 Qxg4 31. Rd8+ Bf8 32. Qxe5+ Kg8 33. Rxf8+
Kxf8 34. Qh8# 1-0

[Event "Lichtenberger Sommer 2023"]
[Site "Berlin"]
[Date "2023.08.20"]
[Round "9.47"]
[White "Nguyen, Tuan Kiet"]
[Black "Ellert, Stefan"]
[Result "1/2-1/2"]
[WhiteElo "1873"]
[BlackElo "1630"]
[PlyCount "72"]
[EventDate "2023.??.??"]
[WhiteTeam "SG Eckturm"]
[BlackTeam "SV Empor Berlin e.V."]

1. e4 c6 2. d4 d5 3. e5 Bf5 4. Nf3 e6 5. Be2 Ne7 6. O-O Nd7 7. Nbd2 c5 8. c3
Nc6 9. a4 Rc8 10. Nb3 c4 11. Nbd2 Na5 12. b3 cxb3 13. Nxb3 Nxb3 14. Qxb3 Qc7
15. Bd2 Be7 16. a5 O-O 17. Qd1 f6 18. exf6 Bxf6 19. Qb3 Nb8 20. Ne1 Nc6 21. a6
b6 22. Nd3 Na5 23. Qa2 Nc4 24. Bf4 Qf7 25. Bg3 Qg6 26. Nf4 Qf7 27. Nd3 Rfe8 28.
Rfd1 Qe7 29. Nb4 Na5 30. Qb2 Nc4 31. Qa2 h6 32. Bf3 Kh8 33. Re1 Qd7 34. Be2 Be7
35. Nd3 Na5 36. Qb2 Nc4 1/2-1/2

[Event "Lichtenberger Sommer 2023"]
[Site "Berlin"]
[Date "2023.08.20"]
[Round "9.48"]
[White "Elyounis, Aalaa"]
[Black "Schubert, Joachim"]
[Result "1-0"]
[WhiteElo "1737"]
[BlackElo "1872"]
[PlyCount "91"]
[EventDate "2023.??.??"]
[WhiteTeam "SC Zitadelle Spandau 1977 e.V."]
[BlackTeam "SC Friesen Lichtenberg e.V."]

1. e4 c5 2. Nc3 Nc6 3. g3 Nf6 4. Bg2 d6 5. d3 h6 6. f4 e6 7. h3 Be7 8. Be3 Bd7
9. Nf3 Qa5 10. a3 b5 11. Bd2 Qb6 12. O-O a5 13. Kh2 Rc8 14. e5 Nh7 15. exd6
Bxd6 16. Ne4 Be7 17. Be3 b4 18. a4 Nd4 19. Nfd2 Bc6 20. c3 Nf5 21. Bg1 O-O 22.
Nc4 Qa7 23. Ne5 Ba8 24. Qe1 Rfd8 25. Rd1 Nf6 26. g4 Nh4 27. Qxh4 Nxe4 28. g5
hxg5 29. Qh5 Nd6 30. Bxa8 Rxa8 31. fxg5 Bf8 32. g6 fxg6 33. Nxg6 Nf5 34. Qh8+
Kf7 35. Ne5+ Kf6 36. d4 Qc7 37. Be3 cxd4 38. cxd4 Ke7 39. Bf4 Qc2+ 40. Rd2 Qe4
41. Qg8 Kd6 42. Qf7 Be7 43. d5 exd5 44. Ng6+ Kc6 45. Qxf5 Bf6 46. Rc1+ 1-0

[Event "Lichtenberger Sommer 2023"]
[Site "Berlin"]
[Date "2023.08.20"]
[Round "9.49"]
[White "Besombes, Romain"]
[Black "Eis, Cedric"]
[Result "1/2-1/2"]
[WhiteElo "1867"]
[BlackElo "1557"]
[PlyCount "86"]
[EventDate "2023.??.??"]
[WhiteTeam "SF Berlin 1903 e.V."]
[BlackTeam "SF Berlin 1903 e.V."]

1. d4 Nf6 2. Bf4 c5 3. e3 Qb6 4. Na3 cxd4 5. exd4 Nc6 6. Nf3 a6 7. Nc4 Qd8 8.
c3 d5 9. Nce5 Bf5 10. Qa4 Bd7 11. Qb3 Na5 12. Qc2 h6 13. Bd3 g5 14. Bxg5 hxg5
15. Nxg5 Qc7 16. Ngxf7 Rg8 17. Bg6 Rg7 18. Nd6+ Kd8 19. Nef7+ Rxf7 20. Nxf7+
Kc8 21. Ne5 Kb8 22. h4 Nc4 23. Nxd7+ Nxd7 24. b3 Nd6 25. O-O-O Bh6+ 26. Kb2 Qb6
27. Ka1 Nf6 28. f3 Ka7 29. g4 Bf4 30. g5 Nd7 31. Bh5 e5 32. Bg4 Rd8 33. Bxd7
Rxd7 34. dxe5 Bxe5 35. Rxd5 Bh8 36. Rhd1 Nb5 37. Rxb5 Rxd1+ 38. Qxd1 Bxc3+ 39.
Kb1 Qxb5 40. a4 Qf5+ 41. Kc1 Bg7 42. Qg1+ Ka8 43. Qe3 Qd5 1/2-1/2

[Event "Lichtenberger Sommer 2023"]
[Site "Berlin"]
[Date "2023.08.20"]
[Round "9.50"]
[White "Matitschka, Johannes"]
[Black "Straßburg, Moritz"]
[Result "0-1"]
[WhiteElo "1855"]
[BlackElo "1300"]
[PlyCount "142"]
[EventDate "2023.??.??"]
[WhiteTeam "TSG Oberschöneweide e.V."]
[BlackTeam "SF Nordost Berlin"]

1. Nf3 Nf6 2. g3 g6 3. Bg2 Bg7 4. O-O O-O 5. d3 d5 6. Nbd2 c6 7. e4 Bg4 8. h3
Bxf3 9. Qxf3 dxe4 10. dxe4 Nbd7 11. Nb3 Qc7 12. c3 e5 13. Bg5 b6 14. Rfd1 h6
15. Be3 Rad8 16. Rd2 Rfe8 17. Rad1 Kh7 18. g4 Nf8 19. h4 Rxd2 20. Rxd2 Ne6 21.
Nc1 h5 22. g5 Ng4 23. Bh3 Nxe3 24. Qxe3 Nf4 25. Rd7 Qc8 26. Kh2 Nxh3 27. Qxh3
Rd8 28. Rxf7 Qxh3+ 29. Kxh3 Rd1 30. Nb3 Rh1+ 31. Kg3 Rb1 32. Rxa7 Rxb2 33. Ra6
c5 34. Ra7 c4 35. Na5 bxa5 36. Rxa5 Rc2 37. a4 Rxc3+ 38. f3 Rc1 39. Rc5 Bf8 40.
Rc7+ Kg8 41. a5 Ra1 42. Rxc4 Rxa5 43. Rc3 Bc5 44. Rb3 Ra6 45. Rb8+ Kf7 46. Rb7+
Be7 47. Rb8 Bf8 48. Rb7+ Ke6 49. Rb8 Be7 50. Rg8 Kd7 51. Rb8 Re6 52. Rb1 Kc6
53. Rc1+ Kb5 54. Rc2 Bb4 55. Kf2 Rc6 56. Ra2 Rc1 57. Kg2 Rc6 58. Kf2 Kc4 59.
Rc2+ Bc3 60. Rc1 Kd3 61. Rd1+ Bd2 62. Ra1 Be3+ 63. Kg3 Bf4+ 64. Kh3 Rc2 65. Ra2
Rc3 66. Rf2 Rc2 67. Kg2 Rxf2+ 68. Kxf2 Kd2 69. Kg2 Ke2 70. Kh3 Bxg5 71. f4 Bxf4
0-1

[Event "Lichtenberger Sommer 2023"]
[Site "Berlin"]
[Date "2023.08.20"]
[Round "9.51"]
[White "Glienke, Michael"]
[Black "Matthes, Benjamin"]
[Result "0-1"]
[WhiteElo "1692"]
[BlackElo "1848"]
[PlyCount "74"]
[EventDate "2023.??.??"]
[WhiteTeam "SC Kreuzberg e.V."]
[BlackTeam "SC Oranienburg e.V."]

1. d4 Nf6 2. Bf4 d5 3. e3 c5 4. c3 Nc6 5. Nf3 Bg4 6. Be2 e6 7. O-O Be7 8. Nbd2
O-O 9. h3 Bh5 10. Rc1 Bg6 11. Nh4 Nd7 12. Nxg6 hxg6 13. Nf3 c4 14. Qc2 Nf6 15.
Rfe1 b5 16. Bf1 a5 17. Nd2 b4 18. e4 a4 19. Rb1 a3 20. b3 bxc3 21. Qxc3 Bb4 22.
Qa1 c3 23. Rec1 cxd2 24. Rxc6 Nxe4 25. f3 Rc8 26. Rxc8 Qxc8 27. Rd1 Bc3 28. Qb1
Bxd4+ 29. Kh2 Nc3 30. Qd3 Nxd1 31. Qxd4 Qc3 32. Qxd2 Qxd2 33. Bxd2 Rb8 34. Be2
Rxb3 35. Bxd1 Rd3 36. Bb3 Rxd2 37. Kg3 Rb2 0-1

[Event "Lichtenberger Sommer 2023"]
[Site "Berlin"]
[Date "2023.08.20"]
[Round "9.52"]
[White "Tedesco, Gennaro"]
[Black "Krüger, Ekkehard"]
[Result "1-0"]
[WhiteElo "1712"]
[BlackElo "1842"]
[PlyCount "74"]
[EventDate "2023.??.??"]
[WhiteTeam "SC Kreuzberg e.V."]
[BlackTeam "SG NARVA Berlin e.V."]

1. c4 Nf6 2. d4 e6 3. Nf3 d5 4. g3 Nbd7 5. Bg2 dxc4 6. O-O c6 7. Qc2 b5 8. Bf4
Nd5 9. Bc1 Bb7 10. a3 Rc8 11. e4 N5b6 12. Nc3 Be7 13. Be3 Qc7 14. Rfd1 O-O 15.
Bf4 Bd6 16. e5 Be7 17. Bg5 Qd8 18. Bxe7 Qxe7 19. Nd2 Nd5 20. Nde4 N7b6 21. Nd6
Rc7 22. Nce4 f5 23. Nc5 Bc8 24. Qd2 Nd7 25. Nxd7 Qxd7 26. a4 Nb6 27. axb5 cxb5
28. Qb4 a6 29. Qa5 Na4 30. Rd2 c3 31. bxc3 Nxc3 32. Rc2 Nd5 33. Rxc7 Nxc7 34.
Rc1 Nd5 35. Bxd5 exd5 36. Qb6 Rd8 37. Rc7 Qe6 1-0

[Event "Lichtenberger Sommer 2023"]
[Site "Berlin"]
[Date "2023.08.20"]
[Round "9.53"]
[White "Keusch, Horst"]
[Black "Fock, Madiha"]
[Result "0-1"]
[WhiteElo "2000"]
[BlackElo "1667"]
[PlyCount "98"]
[EventDate "2023.??.??"]
[WhiteTeam "SC Friesen Lichtenberg e.V."]
[BlackTeam "TSG Oberschöneweide e.V."]

1. f4 d5 2. Nf3 Nf6 3. b3 g6 4. Bb2 Bg7 5. e3 O-O 6. Be2 c5 7. O-O Nc6 8. Qe1
Bf5 9. d3 Qc7 10. Ne5 Nb4 11. Qc1 Rfd8 12. Nd2 d4 13. e4 Bd7 14. Nxd7 Nxd7 15.
Bg4 Nf6 16. Bh3 Bh6 17. g3 e5 18. f5 Be3+ 19. Kh1 Qe7 20. Qd1 b5 21. Bc1 Nc6
22. Nf3 c4 23. Qe2 Bxc1 24. Raxc1 c3 25. Rf2 a5 26. Rcf1 Rd6 27. fxg6 hxg6 28.
g4 Nd8 29. Ne1 Nh7 30. Nf3 Raa6 31. Rg1 Ng5 32. Rg3 Nxf3 33. Rgxf3 Rf6 34. Qf1
Rxf3 35. Rxf3 Ne6 36. Rf6 Ra7 37. g5 Nxg5 38. Bg4 Kg7 39. Rb6 b4 40. Kg2 Nh7
41. Bh3 Qg5+ 42. Kh1 Qd2 43. Qb1 Ng5 44. Bg4 Qf4 45. Qd1 Ra8 46. Kg2 Rh8 47. h3
Rh4 48. Rb5 Qd2+ 49. Kg3 Rxh3+ 0-1

[Event "Lichtenberger Sommer 2023"]
[Site "Berlin"]
[Date "2023.08.20"]
[Round "9.54"]
[White "Paashaus, Detlef"]
[Black "Schilly, Hans-Joachim"]
[Result "1-0"]
[WhiteElo "1931"]
[BlackElo "1687"]
[PlyCount "33"]
[EventDate "2023.??.??"]
[WhiteTeam "HSK Lister Turm"]
[BlackTeam "SF Siemensstadt"]

1. e4 c6 2. d4 d5 3. e5 Bf5 4. h4 h5 5. Bd3 Bxd3 6. Qxd3 e6 7. Nd2 Ne7 8. Ne2
Nf5 9. Nf3 Be7 10. Bg5 Nd7 11. O-O-O b5 12. Bxe7 Qxe7 13. Nf4 a5 14. Ng5 a4 15.
Ngxe6 fxe6 16. Ng6 Qf8 17. Nxf8 1-0

[Event "Lichtenberger Sommer 2023"]
[Site "Berlin"]
[Date "2023.08.20"]
[Round "9.55"]
[White "Bauder, Herbert"]
[Black "Pöltelt, Helmut"]
[Result "1-0"]
[WhiteElo "1926"]
[BlackElo "1673"]
[PlyCount "101"]
[EventDate "2023.??.??"]
[WhiteTeam "SG Lasker Steglitz"]
[BlackTeam "SC Eintracht Berlin e.V."]

1. d4 d5 2. Nf3 Nf6 3. c4 e6 4. Nc3 Be7 5. Bg5 Nbd7 6. e3 h6 7. Bh4 b6 8. Be2
Bb7 9. O-O O-O 10. Rc1 Rc8 11. cxd5 Nxd5 12. Bxe7 Qxe7 13. Nxd5 Bxd5 14. Ba6
Ra8 15. Rxc7 Qd6 16. Rc3 Nb8 17. Bc4 Be4 18. Nd2 Bb7 19. Be2 Nd7 20. Bf3 Bxf3
21. Nxf3 Nf6 22. Qc2 Qd5 23. b3 Qb7 24. Rc7 Qa6 25. Rc1 Nd5 26. Rc4 Ne7 27. Qd2
Rac8 28. Rxc8 Rxc8 29. Rxc8+ Qxc8 30. h3 Nd5 31. Ne5 Qc3 32. Qxc3 Nxc3 33. a4
a6 34. Nd7 b5 35. a5 Ne2+ 36. Kf1 Nc1 37. Nc5 Kf8 38. b4 Ke7 39. Ke1 Kd6 40. e4
Kc6 41. Kd2 Na2 42. Nd3 f6 43. Kc2 f5 44. f3 g5 45. Kb3 Nxb4 46. Kxb4 h5 47.
Nc5 h4 48. Nxe6 g4 49. exf5 gxf3 50. gxf3 Kd6 51. f4 1-0

[Event "Lichtenberger Sommer 2023"]
[Site "Berlin"]
[Date "2023.08.20"]
[Round "9.56"]
[White "Regel, Michael"]
[Black "Heß, Jürgen"]
[Result "1-0"]
[WhiteElo "1722"]
[BlackElo "1922"]
[PlyCount "65"]
[EventDate "2023.??.??"]
[WhiteTeam "SC Friesen Lichtenberg e.V."]
[BlackTeam "SG Arnstadt-Stadtilm"]

1. e4 e5 2. Nf3 Nc6 3. Bc4 Nf6 4. d3 Bc5 5. c3 d6 6. h3 h6 7. Bb3 O-O 8. O-O
Be6 9. Bc2 Bb6 10. Re1 Ne7 11. Nbd2 Nh7 12. a4 a6 13. a5 Ba7 14. Nf1 f5 15.
exf5 Nxf5 16. Ne3 Nh4 17. Nxh4 Qxh4 18. Re2 Ng5 19. Ra4 Nxh3+ 20. gxh3 Qxh3 21.
Qf1 Qh5 22. d4 Bh3 23. Qe1 Rf4 24. dxe5 Rxa4 25. Bxa4 Be6 26. Bc2 Rf8 27. exd6
Rf3 28. Be4 cxd6 29. Bxf3 Qxf3 30. Ng2 Bd5 31. Re8+ Kf7 32. Qe7+ Kg6 33. Nh4+
1-0

[Event "Lichtenberger Sommer 2023"]
[Site "Berlin"]
[Date "2023.08.20"]
[Round "9.57"]
[White "Mayer, Herbert"]
[Black "Hauer, Andreas"]
[Result "1/2-1/2"]
[WhiteElo "1738"]
[BlackElo "1912"]
[PlyCount "86"]
[EventDate "2023.??.??"]
[WhiteTeam "SSV Rotation Berlin e.V."]
[BlackTeam "SC Turm Illingen"]

1. c4 e6 2. Nf3 d5 3. b3 d4 4. e3 Nc6 5. exd4 Nxd4 6. Bb2 c5 7. Na3 Nf6 8. Nc2
Nxc2+ 9. Qxc2 b6 10. g3 Bb7 11. Bg2 Be7 12. O-O Qd7 13. Ne5 Qc7 14. Bxb7 Qxb7
15. d4 O-O 16. Nd3 cxd4 17. Bxd4 Rfd8 18. Bxf6 Bxf6 19. Rad1 Bd4 20. Nf4 h6 21.
Rd3 Qe4 22. Rfd1 Kh7 23. Qe2 Qxe2 24. Nxe2 Bf6 25. Rxd8 Rxd8 26. Rxd8 Bxd8 27.
Nd4 Bf6 28. Nc2 Kg6 29. f3 Kf5 30. Kf2 Ke5 31. Ke3 Be7 32. b4 h5 33. h3 f5 34.
Kd3 h4 35. f4+ Kd6 36. gxh4 Bxh4 37. Nd4 Kd7 38. Nf3 Bf6 39. c5 Kc6 40. Kc4 b5+
41. Kd3 Kd5 42. h4 Bb2 43. Nd2 Bc1 1/2-1/2

[Event "Lichtenberger Sommer 2023"]
[Site "Berlin"]
[Date "2023.08.20"]
[Round "9.58"]
[White "Kuhn, Christian"]
[Black "Christen, Jan"]
[Result "1/2-1/2"]
[WhiteElo "1911"]
[BlackElo "1604"]
[PlyCount "40"]
[EventDate "2023.??.??"]
[WhiteTeam "SK König Tegel 1949 e.V."]
[BlackTeam "Barnimer SF im SV Sta"]

1. e4 e5 2. Nf3 Nf6 3. d4 Nxe4 4. Bd3 d5 5. Nxe5 Bd6 6. O-O O-O 7. c4 Bxe5 8.
dxe5 Nc6 9. cxd5 Qxd5 10. Qc2 Nb4 11. Bxe4 Nxc2 12. Bxd5 Bf5 13. g4 Bxg4 14.
Be4 Nxa1 15. Bf4 Rad8 16. Nc3 Rd4 17. Rxa1 Bf3 18. Re1 Re8 19. Be3 Rxe4 20.
Nxe4 Bxe4 1/2-1/2

[Event "Lichtenberger Sommer 2023"]
[Site "Berlin"]
[Date "2023.08.20"]
[Round "9.59"]
[White "Aßmus, Sven"]
[Black "Grassi, Fabrizio"]
[Result "1/2-1/2"]
[WhiteElo "1683"]
[BlackElo "1878"]
[PlyCount "79"]
[EventDate "2023.??.??"]
[WhiteTeam "SV Mattnetz Berlin e.V."]
[BlackTeam "SV Berlin-Friedrichstadt"]

1. c4 e5 2. Nc3 Nf6 3. Nf3 Nc6 4. g3 d5 5. cxd5 Nxd5 6. Bg2 Nb6 7. a3 Be7 8.
Qc2 O-O 9. b4 Nd4 10. Nxd4 exd4 11. Ne4 c6 12. Nc5 Nd7 13. O-O Nxc5 14. bxc5
Be6 15. Bb2 Bd5 16. Rac1 Bxg2 17. Kxg2 Qd5+ 18. Kg1 Rfd8 19. d3 Bg5 20. f4 Be7
21. Qc4 Rac8 22. Rc2 b6 23. cxb6 axb6 24. Rb1 Bc5 25. Bc1 h5 26. a4 Ra8 27. Bd2
Qxc4 28. Rxc4 Rd5 29. Rbc1 Ba3 30. Ra1 b5 31. axb5 cxb5 32. Rc7 Ra4 33. Rb1 b4
34. Rb7 g6 35. Bxb4 Bxb4 36. R7xb4 Ra2 37. Kf2 Rd7 38. R4b2 Ra3 39. Rb3 Ra2 40.
R3b2 1/2-1/2

[Event "Lichtenberger Sommer 2023"]
[Site "Berlin"]
[Date "2023.08.20"]
[Round "9.60"]
[White "Hildebrand, Jörg"]
[Black "Kapp, Frank"]
[Result "0-1"]
[WhiteElo "1552"]
[BlackElo "1861"]
[PlyCount "50"]
[EventDate "2023.??.??"]
[WhiteTeam "SF Berlin 1903 e.V."]
[BlackTeam "TSV IFA Chemnitz"]

1. d4 e6 2. Nf3 d5 3. e3 f5 4. c4 Nf6 5. cxd5 exd5 6. Nc3 Be7 7. Bd3 O-O 8. O-O
c6 9. Qc2 Ne4 10. Ne5 Nd7 11. Nxd7 Bxd7 12. f3 Nd6 13. e4 dxe4 14. fxe4 Nxe4
15. Bc4+ Kh8 16. Nxe4 fxe4 17. Qxe4 Rxf1+ 18. Kxf1 Qf8+ 19. Kg1 Bf5 20. Qf3 Bg6
21. Be2 Bf6 22. Qc3 Re8 23. Bf3 Qd6 24. Qb3 Qxd4+ 25. Kf1 Bd3+ 0-1

[Event "Lichtenberger Sommer 2023"]
[Site "Berlin"]
[Date "2023.08.20"]
[Round "9.61"]
[White "Berndt, Ronson"]
[Black "Rosmait, Emily"]
[Result "1/2-1/2"]
[WhiteElo "1544"]
[BlackElo "1855"]
[PlyCount "86"]
[EventDate "2023.??.??"]
[WhiteTeam "SC Borussia Lichtenberg"]
[BlackTeam "TuRa Harksheide von 1945 Norders"]

1. e4 e5 2. Nf3 Nc6 3. Nc3 Nf6 4. Bb5 d6 5. d4 exd4 6. Nxd4 Bd7 7. O-O Be7 8.
Nxc6 Bxc6 9. Bxc6+ bxc6 10. Bf4 Nd7 11. Re1 O-O 12. Qf3 Bf6 13. Rad1 Ne5 14.
Bxe5 Bxe5 15. Qe3 Qf6 16. Rd3 Rfb8 17. b3 a5 18. g3 Rb4 19. Ne2 Qg6 20. c4 a4
21. f4 Bf6 22. Nd4 Bxd4 23. Qxd4 h6 24. Ree3 axb3 25. axb3 Qg4 26. Kg2 Ra2+ 27.
Rd2 Ra3 28. Qb2 Ra8 29. h3 Qe6 30. Qc3 Rab8 31. Rb2 Kf8 32. Qd3 Qf6 33. e5 Qg6
34. Qd4 dxe5 35. Qxe5 Qd6 36. Qxd6+ cxd6 37. Rd2 Rd8 38. Rdd3 g6 39. Kf3 h5 40.
f5 Kg7 41. fxg6 Kxg6 42. Re4 Rb7 43. Red4 d5 1/2-1/2

[Event "Lichtenberger Sommer 2023"]
[Site "Berlin"]
[Date "2023.08.20"]
[Round "9.63"]
[White "Hoyer, Olaf"]
[Black "Janoschka, Julien"]
[Result "0-1"]
[WhiteElo "1826"]
[BlackElo "1480"]
[PlyCount "140"]
[EventDate "2023.??.??"]
[WhiteTeam "SC Braunschweig Gliesmarode v. 1"]
[BlackTeam "SF Nordost Berlin"]

1. d4 Nf6 2. Nf3 g6 3. b3 Bg7 4. Bb2 O-O 5. Nbd2 d6 6. e3 Nbd7 7. Bd3 Re8 8.
O-O Nh5 9. c4 e5 10. dxe5 Nxe5 11. Nxe5 dxe5 12. Qc2 b6 13. Be4 Rb8 14. Rad1
Qe7 15. Bf3 Nf6 16. Ne4 Nxe4 17. Bxe4 Be6 18. Rd2 Red8 19. Rfd1 f5 20. Bd5 Bxd5
21. Rxd5 Rxd5 22. Rxd5 c6 23. Rd2 Rd8 24. Qd1 Rxd2 25. Qxd2 Kf7 26. f3 Ke6 27.
Kf2 Qd6 28. Qxd6+ Kxd6 29. g3 Bf6 30. e4 a5 31. Ke3 b5 32. Kd3 Bd8 33. h3 h5
34. cxb5 cxb5 35. f4 exf4 36. e5+ Kd5 37. gxf4 g5 38. Ke3 g4 39. hxg4 hxg4 40.
Bc3 Bb6+ 41. Ke2 b4 42. Bd2 Bc5 43. Be1 Ke4 44. Bh4 Kxf4 45. e6 g3 46. e7 g2
47. e8=Q g1=Q 48. Qe6 Qg2+ 49. Kd3 Qe4+ 50. Qxe4+ fxe4+ 51. Kc4 Bb6 52. Kb5 Kg4
53. Be7 e3 54. Kxb6 e2 55. Kxa5 e1=Q 56. Bxb4 Qb1 57. a4 Qxb3 58. Kb5 Qd5+ 59.
Bc5 Qb7+ 60. Bb6 Kf5 61. a5 Ke6 62. a6 Qa8 63. Be3 Kd7 64. Bb6 Qc6+ 65. Ka5 Kc8
66. Bg1 Kb8 67. Bb6 Ka8 68. Bg1 Qc3+ 69. Kb6 Qb2+ 70. Kc6 Qg2+ 0-1

[Event "Lichtenberger Sommer 2023"]
[Site "Berlin"]
[Date "2023.08.20"]
[Round "9.64"]
[White "Zesewitz, Marco"]
[Black "Kretzschmar, Jan"]
[Result "0-1"]
[WhiteElo "1427"]
[BlackElo "1803"]
[PlyCount "106"]
[EventDate "2023.??.??"]
[WhiteTeam "SV SF Friedrichshagen"]
[BlackTeam "SC Kreuzberg e.V."]

1. e4 c5 2. Nf3 e6 3. d4 cxd4 4. Nxd4 Nc6 5. Nxc6 bxc6 6. Nc3 d5 7. exd5 cxd5
8. Bd3 Nf6 9. O-O Be7 10. Bf4 a6 11. Re1 O-O 12. Qf3 Bd7 13. Be5 Ne8 14. Ne2 f6
15. Bc3 a5 16. Nf4 Nc7 17. Qh5 f5 18. Re3 Bf6 19. Bd2 Qe8 20. Qh3 Qf7 21. Rae1
g6 22. Rg3 e5 23. Nxg6 hxg6 24. Bxf5 Bxf5 25. Qxf5 Bg7 26. Qxf7+ Kxf7 27. Ra3
a4 28. Bb4 Rfe8 29. Bd6 Nb5 30. Rf3+ Kg8 31. Bb4 Re6 32. c3 e4 33. Rfe3 Bh6 34.
R3e2 d4 35. Rxe4 Rxe4 36. Rxe4 dxc3 37. bxc3 Rd8 38. g3 Bg7 39. c4 Nd4 40. a3
Nc2 41. c5 Bb2 42. c6 Rc8 43. Rc4 Nxb4 44. axb4 a3 45. b5 a2 46. Ra4 a1=Q+ 47.
Rxa1 Bxa1 48. f4 Bd4+ 49. Kg2 Bb6 50. Kf3 Re8 51. Kg4 Re4 52. Kg5 Kg7 53. h4
Rb4 0-1

[Event "Lichtenberger Sommer 2023"]
[Site "Berlin"]
[Date "2023.08.20"]
[Round "9.65"]
[White "Schilling, Hans"]
[Black "Oldenburg, Theo"]
[Result "0-1"]
[WhiteElo "1763"]
[BlackElo "1424"]
[PlyCount "70"]
[EventDate "2023.??.??"]
[WhiteTeam "SF Nordost Berlin"]
[BlackTeam "SV Berolina Mitte e.V."]

1. d4 Nf6 2. Nf3 d5 3. e3 e6 4. Bd3 c5 5. c3 Nbd7 6. b3 Bd6 7. Nbd2 O-O 8. O-O
Re8 9. Qc2 e5 10. dxe5 Nxe5 11. Nxe5 Bxe5 12. Nf3 Bc7 13. Bf5 Ne4 14. Bxc8 Rxc8
15. Bb2 Ng5 16. Qf5 Nxf3+ 17. Qxf3 Qg5 18. Rad1 Rcd8 19. g3 Re6 20. Rd2 Rf6 21.
Qg2 Rfd6 22. Rfd1 b5 23. c4 bxc4 24. bxc4 Ba5 25. Rxd5 Rxd5 26. Rxd5 Rxd5 27.
cxd5 Qg6 28. e4 Qb6 29. f3 c4+ 30. Qf2 Qb5 31. Kg2 c3 32. Qxa7 h5 33. Bxc3 Qe2+
34. Kh3 Qf1+ 35. Kh4 Bd8+ 0-1

[Event "Lichtenberger Sommer 2023"]
[Site "Berlin"]
[Date "2023.08.20"]
[Round "9.67"]
[White "von Huebschmann, Andreas"]
[Black "Rausch, Erik"]
[Result "1/2-1/2"]
[WhiteElo "1617"]
[BlackElo "1760"]
[PlyCount "66"]
[EventDate "2023.??.??"]
[WhiteTeam "vereinslos"]
[BlackTeam "SC Kreuzberg e.V."]

1. d4 d5 2. c4 e6 3. Nc3 Nf6 4. cxd5 exd5 5. Nf3 c6 6. e3 Bd6 7. Bd3 O-O 8. O-O
Bg4 9. h3 Bh5 10. e4 dxe4 11. Nxe4 Nxe4 12. Bxe4 f5 13. Bc2 Qc7 14. Qd3 Be7 15.
Re1 Na6 16. Ng5 Bxg5 17. Bxg5 Kh8 18. Re7 Qb6 19. Qc3 Nb4 20. d5 Rf7 21. Be3
Nxd5 22. Bxb6 Nxc3 23. Rxf7 Ne2+ 24. Kf1 Bxf7 25. Be3 Bc4 26. Ke1 f4 27. b3 Ba6
28. Bc5 Re8 29. Bxa7 Nd4+ 30. Kd1 Re1+ 31. Kxe1 Nxc2+ 32. Kd2 Nxa1 33. Bd4 Kg8
1/2-1/2

[Event "Lichtenberger Sommer 2023"]
[Site "Berlin"]
[Date "2023.08.20"]
[Round "9.68"]
[White "Teusch, Lucas"]
[Black "Bunkens, Rudi"]
[Result "1/2-1/2"]
[WhiteElo "1605"]
[BlackElo "1694"]
[PlyCount "39"]
[EventDate "2023.??.??"]
[WhiteTeam "Leegebrucher SF"]
[BlackTeam "Koninklijke Gentse SK"]

1. d4 d5 2. c4 c6 3. Nf3 Nf6 4. cxd5 cxd5 5. g3 Nc6 6. Bg2 Bf5 7. O-O e6 8. a3
Bd6 9. Nc3 a6 10. Nh4 Bg6 11. Bg5 Be7 12. Nxg6 hxg6 13. e3 Nd7 14. Bxe7 Qxe7
15. e4 dxe4 16. Nxe4 Nf6 17. Rc1 Rd8 18. Qb3 Nxd4 19. Rfd1 O-O 20. Nc5 1/2-1/2

[Event "Lichtenberger Sommer 2023"]
[Site "Berlin"]
[Date "2023.08.20"]
[Round "9.69"]
[White "Hauer, Benno"]
[Black "Uhlenbrock, Sven"]
[Result "0-1"]
[WhiteElo "1330"]
[BlackElo "1659"]
[PlyCount "24"]
[EventDate "2023.??.??"]
[WhiteTeam "SVG Saarbrücken 1970 e.V."]
[BlackTeam "vereinslos"]

1. b3 e5 2. Bb2 Nc6 3. e3 Nf6 4. Bb5 Bd6 5. Nf3 e4 6. Bxc6 dxc6 7. Nd4 O-O 8.
O-O Bxh2+ 9. Kxh2 Ng4+ 10. Kg3 Qg5 11. f4 Qg6 12. Kh4 Qh6+ 0-1

[Event "Lichtenberger Sommer 2023"]
[Site "Berlin"]
[Date "2023.08.20"]
[Round "9.70"]
[White "Morper, Justus"]
[Black "Sklorz, Tobias"]
[Result "0-1"]
[WhiteElo "1432"]
[BlackElo "1658"]
[PlyCount "56"]
[EventDate "2023.??.??"]
[WhiteTeam "SV Mattnetz Berlin e.V."]
[BlackTeam "Tempelhofer SV Mariendorf 1897"]

1. e4 e6 2. d4 d5 3. e5 c5 4. c3 Nc6 5. Nf3 Qb6 6. a3 Nge7 7. b4 cxd4 8. cxd4
Nf5 9. Be3 f6 10. exf6 gxf6 11. Nc3 Nxe3 12. fxe3 Bh6 13. Qd3 Bd7 14. e4 Ne7
15. Be2 dxe4 16. Nxe4 O-O 17. Nc5 Rad8 18. O-O Nf5 19. Kh1 Bc8 20. Rfe1 Be3 21.
Qe4 Bxd4 22. Nxd4 Rxd4 23. Qc2 Qc7 24. Bc4 Rh4 25. h3 Ng3+ 26. Kg1 Kh8 27. Nxe6
Bxe6 28. Rxe6 Rxc4 0-1

[Event "Lichtenberger Sommer 2023"]
[Site "Berlin"]
[Date "2023.08.20"]
[Round "9.71"]
[White "Winkler, Michael"]
[Black "Schmidt, Alexander Nadvid"]
[Result "0-1"]
[WhiteElo "1642"]
[BlackElo "1274"]
[PlyCount "70"]
[EventDate "2023.??.??"]
[WhiteTeam "ESV 1949 Eberswalde e.V."]
[BlackTeam "SK Zehlendorf e.V."]

1. d4 d5 2. c4 e6 3. Nf3 Nf6 4. Bg5 c6 5. Nc3 Bb4 6. e3 Nbd7 7. c5 b6 8. a3
Bxc3+ 9. bxc3 bxc5 10. Qa4 Qb6 11. Bd3 c4 12. Bc2 Rb8 13. O-O Qa6 14. Bf4 Rb5
15. Rfb1 Nb6 16. Qxa6 Bxa6 17. Bd6 Rxb1+ 18. Rxb1 Kd7 19. Be5 Bb5 20. a4 Ba6
21. Ng5 Ke7 22. Bc7 Nfd7 23. Nxh7 f6 24. g4 Kf7 25. g5 f5 26. Kh1 Rxh7 27. Rg1
g6 28. Kg2 c5 29. Kf3 cxd4 30. exd4 Rh3+ 31. Ke2 Rxc3 32. Kd2 Ra3 33. Bd6 c3+
34. Kc1 Ra1+ 35. Bb1 Bd3 0-1

[Event "Lichtenberger Sommer 2023"]
[Site "Berlin"]
[Date "2023.08.20"]
[Round "9.72"]
[White "Fiedler, Ronald"]
[Black "Pawlowski, Lion"]
[Result "1/2-1/2"]
[WhiteElo "1642"]
[BlackElo "1200"]
[PlyCount "43"]
[EventDate "2023.??.??"]
[WhiteTeam "SVG Läufer Reinickendorf e.V."]
[BlackTeam "SC Zugzwang 95 e.V."]

1. d4 d5 2. c4 c6 3. e3 Nf6 4. Nc3 Bg4 5. Be2 Bxe2 6. Qxe2 e6 7. Nf3 Nbd7 8.
O-O Be7 9. Bd2 O-O 10. e4 dxe4 11. Nxe4 Nxe4 12. Qxe4 Nf6 13. Qe2 Re8 14. Bc3
c5 15. dxc5 Bxc5 16. Rad1 Qe7 17. h3 Rad8 18. Nd2 Bd4 19. Nb1 Bc5 20. a3 Rxd1
21. Rxd1 Rd8 22. Rd3 1/2-1/2

[Event "Lichtenberger Sommer 2023"]
[Site "Berlin"]
[Date "2023.08.20"]
[Round "9.73"]
[White "Hieronimus, Matthias"]
[Black "Udod, Oleksandra"]
[Result "0-1"]
[WhiteElo "1673"]
[BlackElo "845"]
[PlyCount "70"]
[EventDate "2023.??.??"]
[WhiteTeam "vereinslos"]
[BlackTeam "SK Zehlendorf e.V."]

1. Nf3 d5 2. d4 Bf5 3. e3 Nf6 4. Nbd2 e6 5. c4 c5 6. cxd5 exd5 7. dxc5 Bxc5 8.
Be2 Nc6 9. Nb3 Bb4+ 10. Bd2 O-O 11. O-O Rc8 12. Nfd4 Nxd4 13. Nxd4 Bxd2 14.
Qxd2 Bg6 15. Rac1 Ne4 16. Qd1 Qa5 17. Rxc8 Rxc8 18. a3 h6 19. Nb3 Qd8 20. f3
Nc5 21. Nd4 Qe7 22. Qd2 Nb3 23. Nxb3 Rc2 24. Qd1 Qxe3+ 25. Rf2 Qxb3 26. Bf1
Rxb2 27. Qxb3 Rxb3 28. Rd2 Rxa3 29. Rxd5 a5 30. Rb5 Bd3 31. Bxd3 Rxd3 32. Rxb7
a4 33. Rb2 Rb3 34. Ra2 a3 35. Kf2 Rb2+ 0-1